• 首页
  • 本馆介绍
  • 公告通知
  • 最新文献
  • 馆藏检索
  • 电子资源
  • 读者导购
  • 参考咨询
  • 我的图书馆
  • 登录
  • 详细信息显示
  • 放入我的书架
  • 预约/预借图书
  • 作者相关作品
  • 分类相关作品
  • 丛书相关作品
  • 出版社相关作品

书目信息

  • 表格格式
  • 工作单格式
  • 卡片格式
题名:
太平天国词语汇释
    
 
作者: 史式 编著
分册:  
出版信息: 成都   四川人民出版社  1984
页数: 516页
开本: 21cm
丛书名:
单 册:
中图分类: K254-61 , K25
科图分类:
主题词: 太平天国革命--词典
电子资源:
ISBN:
000 00622nam0 2200241 45
001 1575009412
005 20150124205035.79
010    @dCNY4.30
091    @aCN@b11118.138
100    @a19950525d1984 em y0chiy0121 ea
101 0  @achi
102    @aCN@b510000
105    @ay e 000yy
200 10 @a太平天国词语汇释@Atai ping tian guo ci yu hui shi@f史式编著
210    @a成都@c四川人民出版社@d1984
215    @a516页@d21cm
606    @a太平天国革命@x词典
690    @aK254-61@v3
690    @aK25@v4
701  0 @a史式@Ashi shi@4编著
801  0 @aCN@bTSSF@c20150124
801  2 @aCN@bNLC
905    @aZUCC@dK25@eJY55
    
    太平天国词语汇释/史式编著.-成都:四川人民出版社,1984
    516页;21cm
    
    
    ISBN :CNY4.30
    
●
相关链接 在E读中查询图书 在五车中查询图书 在当当中查询图书 在豆瓣中查询图书


正题名:太平天国词语汇释     索取号:K25/JY55         预约/预借

序号 登录号 条形码 馆藏地/架位号 状态 备注
1 7853739   278537399   学院路分馆/ [索取号:K25/JY55] 在馆    
2 7853876   278538762   学院路分馆/ [索取号:K25/JY55] 在馆    
唐山师范学院图书馆 欢迎您!
大连网信软件有限公司© 版权所有